MDQL
is popping MORE tags! Check the
thread
!
Quizzes
Events
Quiz Creation
Community
Videos
Private Events
Remove Ads
Sign In
Join for FREE
Feedback
Dark Mode
Quiz Categories
Sports
Geography
Music
Movies
Television
Just For Fun
Miscellaneous
History
Literature
Language
Science
Gaming
Entertainment
Religion
Holiday
For Kids
Quiz Lab
Recent
Popular Today
Quiz Kudos Today
Editor Picks
Curator Picks
Quizzes by...
Day
Popularity
Type
Ratings
Length
Year
Community
Subscriptions
Recent Discussions
Orange Saloon
Badges
Playlists
Quests
Create
Leaderboards
Showdown
Live 5
Trivia Bingo
Activity
Puzzle Library
Sporcle Events
Private Events
Virtual Trivia
Globe League
Become a Host
Pub Owners
SporcleCon
Opinionation
Our Games
Videos
Blog
Mobile Apps
Partnerships
Remove Ads and Go Orange
Feedback
Entertainment
Celebrity
Famous
Musical
Broadway
Show
Quote
Comic Books
Anime
Superhero
DC Comics
Marvel
Cartoons
Animation
Entertainment
Celebrity
Famous
Musical
Broadway
Show
Quote
Comic Books
Anime
Superhero
DC Comics
Marvel
Cartoons
Animation
Random Quiz
Search Sporcle
×
Quiz Lab
Quiz Lab
Entertainment
Harry Potter
Type in answers that appear in a list
Type in answers that appear in a list
Classic
Best Score? Go Orange.
Harry Potter Armies Stats
Can you name the Harry Potter Cliques?
By
_peely
15m
100 Questions
4,536 Plays
4,536 Plays
4,536 Plays
Comments
Comments
Give Quiz Kudos
Give Quiz Kudos
-
- Ratings
hide this ad
Replay
Link that replays current quiz
Next Quiz
Link to next quiz in quiz playlist
You Got
0%
They Got
Avg Score
68%
Avg Friend Score
Upgrade to see
Score Distribution
Jump to the score distribution portion of the page
Score
0/100
Timer
15:00
0
Plays Today
% Correct
Draco Malfoy
98.3%
Draco Malfoy
98.3%
Ron Weasley
97.5%
Harry Potter
97.3%
Lucius Malfoy
96.9%
Fred Weasley
96.7%
George Weasley
96.7%
Ginny Weasley
96.2%
Gregory Goyle
96%
Vincent Crabbe
95.8%
Goyle
95.8%
Crabbe
95.5%
Molly Weasley
95.5%
Arthur Weasley
95.3%
Bill Weasley
94.5%
Charlie Weasley
93.6%
Sirius Black
93.3%
James Potter
92.3%
Bellatrix Lestrange
92.2%
Lily Potter
92.1%
Neville Longbottom
91.4%
Cho Chang
91.3%
Albus Dumbledore
90.4%
Aberforth Dumbledore
88.5%
Severus Snape
88.4%
Severus Snape
88.4%
Remus Lupin
88.1%
Regulus Black
87.1%
Pansy Parkinson
86.5%
Luna Lovegood
85.5%
Nymphadora Tonks
85.1%
Rodolphus Lestrange
85%
Rabastan Lestrange
84.2%
Hermione Granger
83.6%
% Correct
Alice Longbottom
83.6%
Frank Longbottom
83.5%
Seamus Finnigan
82.8%
Dean Thomas
82.6%
Peter Pettigrew
78.7%
Peter Pettigrew
78.7%
Alastor Moody
78.2%
Parvati Patil
77.4%
Padma Patil
77.2%
Colin Creevey
76.6%
Katie Bell
74.6%
Dennis Creevey
74.4%
Yaxley
72.5%
Kingsley Shacklebolt
72%
Marietta Edgecombe
70.8%
Lavender Brown
70.6%
Angelina Johnson
70.1%
Minerva McGonagall
70%
Hannah Abbott
69.2%
Ernie Macmillan
68.6%
Zacharias Smith
68.1%
Susan Bones
67.9%
Dolores Umbridge
66.4%
Alicia Spinnet
66.1%
Justin Finch-Fletchley
65.9%
Millicent Bulstrode
65.1%
Barty Crouch Jr.
64.3%
Michael Corner
64.3%
Mundungus Fletcher
64.2%
Antonin Dolohov
64.2%
Lee Jordan
60.4%
Rubeus Hagrid
59.2%
Edgar Bones
59.1%
Alecto Carrow
58%
% Correct
Amycus Carrow
58%
Igor Karkaroff
56.8%
Walden Macnair
55.1%
Augustus Rookwood
54.8%
Dedalus Diggle
54.6%
Avery
54.3%
Argus Filch
54.1%
Nott
53.1%
Graham Montague
50.3%
Fleur Delacour
48.4%
Anthony Goldstein
47.9%
Elphias Doge
47%
Fabian Prewett
46%
Gideon Prewett
46%
Arabella Figg
42.8%
Hestia Jones
42.5%
Travers
42.4%
C. Warrington
39.9%
Emmeline Vance
38.5%
Terry Boot
38.4%
Thorfinn Rowle
36.8%
Evan Rosier
33.5%
Mulciber
32.6%
Marlene McKinnon
32.5%
Sturgis Podmore
32.3%
Selwyn
27.8%
Gibbon
26.7%
Jugson
23.7%
Dorcas Meadowes
21%
Wilkes
20.4%
Benjy Fenwick
20%
Caradoc Dearborn
17.6%
Quiz Playlist
Details
Report
Send in Message
Add To Playlist
Classic:
Type in answers that appear in a list
Last Updated: Jul 22, 2017
Quiz Scoreboard
CHALLENGE
Sign Up to Join the Scoreboard
Show All
Scores
Hide
Comments
May contain spoilers
Recently Published
1-10 Letter E Words III
by El_Dandy
Language
2m
Street Fighter Characters
by Artimus82
Gaming
60s
College Basketball Coaching Resumes
by pancakes188
Sports
9m
More to Explore
Quiz From the Vault
Featured Blog Post
Where Did the Easter Bunny Come From?
hide this ad
You Might Also Like...
Tags
Harry Potter Quiz
Army
Clique
Today's Top Quizzes in Entertainment
Browse Entertainment
hide this ad
Today's Top Quizzes in Harry Potter
Browse Harry Potter
Top Contributed Quizzes in Entertainment
1
7-to-1: DC Comics Villains
2
Marvel Characters Bunker
3
Dragon Ball Z: Goku's Fights in Order
4
Eurovision 2023 Logic Puzzle
5
Sorting Pictures: Villains
6
Criteria Quickie: Cartoon Taxonomy II
7
7-to-1: One Piece
8
One Piece Characters Order of Appearance
9
Mini Trivia Sudoku: Musicals
10
Kamen Rider Motifs
Explore More
Trending Topics
Disney
Anime
Kpop
Marvel
Crossword
Harry Potter
NBA
Country
Soccer
Puzzle
Pokémon
WWE
Song
NFL
The Office
hide this ad
More By:
_peely
Quiz
Plays
Rating
Category
Featured
Created
Harry Potter Armies
4,536
4.31
Entertainment
Oct 12, 2010
Hogwarts Students
1,577
2.43
Literature
Oct 11, 2010
Harry Potter Locations
413
2.17
Literature
Oct 13, 2010
Go to Creator's Profile
Score Distribution
Quiz Creator Spotlight
_peely
Follow
Send a Message
Quizzes Created
-
Created Quiz Play Count
-
More By This Creator
Popular Quizzes Today
1
Find the US States - No Outlines Minefield
2
Find the Countries of Europe - No Outlines Minefield
3
The Countries of the World
4
Find the US States
5
Risky Map Clicking: Biggest States A-Z
6
US States
7
Popular People in 1961
8
Movies - When Are They Set?
More Entertainment Quizzes
J Names for Actresses
Curator's Pick
Trending Quizzes
Risky Map Clicking: Least Populous States A-Z
1-10 Letter G Words
USA Borders Longest to Shortest
1-10 Letter F Words
Countries of the World: 200 Million BC
Recently Updated
Leaping Animals
pecheneg
Reality TV Shows (A-Z)
bhenderson79
Rickey Henderson's Hall of Fame Teammates
pecheneg
Champions League XIs: Arsenal
pecheneg
Quick Pick: Celebrities in WWE's Hall of Fame
aduchscher
A-Z Keypad Blitz II
pecheneg
Multiple Oscar Actors
pecheneg
Mystery Phrase Blitz: Oscar 'Best Actors'
pecheneg
F. Scott Fitzgerald Novels
LTH
Pick 3 Villains
ddd62291
Trending Topics
Anime
NBA
Kpop
Harry Potter
Crossword
Disney
Marvel
NFL
The Office
Song
Country
WWE
Puzzle
Soccer
Pokémon
Your Account Isn't Verified!
In order to create a playlist on Sporcle, you need to verify the email address you used during registration. Go to your
Sporcle Settings
to finish the process.
Report this User
Report this user for behavior that violates our
Community Guidelines
.
Details:
Send Report
Go to the Sporcle.com Mobile Site →
Comments